| 000 | 00945nmc a2200337 a 4500 | ||
|---|---|---|---|
| 003 | AR-BaBNM | ||
| 005 | 20251128210813.0 | ||
| 008 | 201020s1999 ||||||||||||||000 | spa|| | ||
| 020 | _a950-9413-83-6 | ||
| 040 | _cAR-BaBNM | ||
| 100 | 1 | _aSavorgnan de Brazza, Pierre | |
| 245 | 1 | 0 |
_aEn el corazón de Africa _bhacia la fuente de los grandes ríos |
| 260 |
_aBuenos Aires _bEdiciones del Sol _c1999 |
||
| 300 |
_a193 p. _bil. |
||
| 490 | 0 | _aLa línea de sombra. Verde | |
| 650 | 4 | _aLITERATURA FRANCESA | |
| 650 | 4 | _aSIGLO DIECINUEVE | |
| 650 | 4 | _aESCRITORES | |
| 650 | 4 | _aEXPEDICIONES GEOGRAFICAS | |
| 650 | 4 | _aEXPLORACION GEOGRAFICA | |
| 651 | 4 | _aAfrica | |
| 653 | _aNARRATIVA | ||
| 653 | _aLITERATURA DE VIAJES | ||
| 653 | _aMEMORIAS | ||
| 655 | _aLITERATURA | ||
| 700 | 1 |
_aAtorresi, Ana _etraductor |
|
| 700 | 1 |
_aIturriza, Diego _etraductor |
|
| 800 | 1 |
_aColombres, Adolfo _edirector |
|
| 942 | _cBK | ||
| 998 | _cMARTIN | ||
| 999 |
_c16988 _d16988 |
||